01151nam a2200193Ia 4500001001100000003001000011008004100021040002500062041001300087100002300100245005200123250001100175260009000186300001200276500025900288501011400547520025900661650003700920L100-51629IT-CnALBA170116s9999||||xx |||||||||||||| ||und|| aIT-CnALBAcIT-CnALBA aITALIANO aMANENTI ALESSANDRO 0aIL PENSARE PSICOLOGICO. ASPETTI E PROSPETTIVE.  a1a ed. a BOLOGNA - NAPOLIbDEHONIANE EDIZIONI c1996 [1° Ed.:1996 - Ed.Ling.Originale: 1996] a131 p.  aINIZIO DALLE IDEE. CONOSCENZA DELL'ESSENZA. COME LA CONOSCENZA DELL'INTERIORITÀ. L'INSIGHT. PSICOLOGIA COME SCIENZA UMANISTICA. TEORIE PSICOLOGICHE E LORO VERITÀ. PROSPETTIVA PROPOSTE. STIMOLI PER LA RIFLESSIONE PERSONALE. INDICE AUTORI E ANALITICO.  aSocietà San Paolo EM - Piazza San Paolo, 14 - 12051 ALBA (CN) (non commercial uses only) ® Copyright 2017 aINIZIO DALLE IDEE. CONOSCENZA DELL'ESSENZA. COME LA CONOSCENZA DELL'INTERIORITÀ. L'INSIGHT. PSICOLOGIA COME SCIENZA UMANISTICA. TEORIE PSICOLOGICHE E LORO VERITÀ. PROSPETTIVA PROPOSTE. STIMOLI PER LA RIFLESSIONE PERSONALE. INDICE AUTORI E ANALITICO.  aFILOSOFIA E DISCIPLINE COLLEGATE